Statistiques concernant Les mots de la langue française terminés par "pon"

Cliquez ici pour prendre le quiz!

Statistiques générales

  • Ce quiz a été pris 273 fois
  • Le résultat moyen est 8 sur 19

Statistiques - réponses

IndiceMot% Correct
paysJapon
87%
vêtement fémininjupon
77%
japonaisnippon
77%
rouge sur le béret du marinpompon
76%
encreur ou hygiéniquetampon
75%
coquinfripon
69%
coqchapon
58%
ticketcoupon
56%
armeharpon
54%
jouet - bébépoupon
49%
samilapon
24%
10 pointsippon
19%
étoffecrépon
17%
peureuxcapon
8%
emboutcrampon
4%
poissontarpon
4%
mâcherampon
3%
masquetypon
1%
gros pinceauguipon
0%

Distribution des résultats

Percentile par nombre de réponses

% des personnes avec chaque résultat

Votre développement - résultats

Vous n’avez pas pris ce quiz